California (The O.C. Theme) - Phantom Planet - All Lyrics - Statistics

General Stats
  • This quiz has been taken 43 times
  • The average score is 93 of 128
Answer Stats
Answer % Correct
come
100%
come!
100%
here
100%
Here
100%
we
100%
California,
97%
California!
97%
(California)
97%
California
97%
Oh-oh
91%
where
85%
from
82%
started
82%
back
79%
Right
79%
the
74%
on
68%
On
68%
sun
62%
a
59%
go
59%
in
59%
one
56%
Driving
53%
down
47%
number
47%
to
47%
for
41%
now
41%
101
38%
gonna
38%
me
38%
run
38%
stereo
38%
stop
38%
as
35%
been
32%
Looking
32%
Nothing’s
32%
out
32%
show
32%
us
32%
We've
32%
Listen
29%
Gotta
26%
get
24%
of
24%
your
24%
Your
24%
floor
21%
Thinkin'
18%
guns
15%
shadow
15%
grab
12%
Pedal
12%
roar
12%
ton
12%
weighs
12%
Hustlers,
9%
No matching quizzes found
Score Distribution
Percent of People with Each Score
Percentile by Number Answered
Your Score History
You have not taken this quiz